Taylor Swift - Paroles End Game (feat. Future & Ed Sheeran) - Statistiques

Statistiques générales
  • Ce quiz a été pris 129 fois
    119 depuis la dernière actualisation
  • Le résultat moyen est 371 sur 497
Statistiques - réponses
Hint Réponse % Correct
end
100%
Couplet Taylor Swift | Pré-refrain | Refrain I
100%
(I
100%
(I don't wanna be)
100%
(I don't wanna miss you)
100%
(I know what they all say)
100%
when
100%
you
100%
you,
100%
You
100%
(you
100%
you)
100%
your
100%
be
99%
be)
99%
wanna
99%
a
97%
Post-refrain Big
96%
big
96%
endgame
96%
endgame,
96%
first
96%
and
95%
And
95%
Post-refrain Post-refrain
95%
Pré-refrain Pré-refrain
95%
Refrain Refrain
95%
reputation,
95%
reputation
95%
Reputation
95%
go,
93%
me,
93%
me
93%
me)
93%
(me
93%
to
93%
we
93%
We
93%
do
92%
do)
92%
got
92%
Ooh,
92%
ooh
92%
don't
90%
so
90%
So
90%
about
89%
like
89%
Like
89%
like,
89%
(oh,
89%
some
89%
the
89%
The
89%
heard
86%
Just
86%
just
86%
on
86%
A-Team
82%
bad
82%
conversation,
82%
love
81%
one
81%
too
81%
ah
78%
enemies
78%
miss
78%
see)
78%
it,
77%
it
77%
they
77%
all
75%
another
75%
other
75%
drama,
74%
girl,
74%
loves
74%
over
73%
girls
71%
was
71%
But
70%
but
70%
ones
70%
touch
70%
say
68%
my
67%
of
67%
swear
67%
young
67%
can't
66%
I'm
66%
let
66%
where
66%
is,
64%
is
64%
string
64%
"Bang"
63%
hurt
63%
know
63%
lips
63%
play
63%
reputations,
63%
told
63%
crazy
62%
for
62%
For
62%
red
62%
what
62%
(yeah)
62%
July
60%
Drinkin'
59%
her
58%
truth
58%
are
56%
ex-love,
56%
hit
56%
were
55%
born
53%
'cause
53%
four
53%
in
53%
it's
53%
It's
53%
that
53%
something
52%
type
52%
After
51%
from
51%
storm,
51%
ain't
49%
Both
49%
both
49%
body
48%
Fourth
48%
soul
48%
dope,
47%
eyes
47%
forget
47%
life
47%
beach
45%
here's
45%
precede
44%
couldn't
42%
gold
42%
I've
42%
need
42%
tricks
42%
call
40%
mistakes,
40%
never
40%
put
40%
tried
40%
usual
40%
way
40%
with
40%
With
40%
I'll
38%
made
38%
up
38%
we'd
38%
You've
38%
been
37%
hard
37%
older
37%
precedes
37%
tryna
37%
bluff
36%
good
36%
keep
36%
overdose
36%
shoulders
36%
rumors
34%
beautiful
33%
bit
33%
handprint's
33%
insecurities
33%
little
33%
issues
32%
this
32%
A-Side
30%
believe
30%
bury
30%
that's
30%
understand
30%
deny
29%
'em
29%
liquor,
29%
maps
29%
paranoia,
29%
tip
29%
song
27%
tongue
27%
away,
26%
calling
26%
Couplet de Ed Sheran Knew
26%
choices
25%
most
25%
whenever
25%
come
23%
long
23%
not
23%
protect
23%
easier
22%
G5,
22%
ignore
22%
words
22%
down
21%
Even
21%
hatchets
21%
boy
19%
Reconnected
19%
sprung,
19%
argue,
18%
chips
18%
flaws,
18%
toast
18%
boat
16%
persona,
16%
knee-deep
15%
whippin'
15%
days
14%
ease
14%
stoked,
14%
hold
12%
traits,
12%
fun,
10%
Ghost
10%
without
10%
passed
8%
Aucun quiz correspondant
Distribution des résultats
% des personnes avec chaque résultat
Percentile par nombre de réponses
Votre historique - résultats
Vous n’avez pas pris ce quiz depuis la dernière actualisation